000 00676nam a2200253Ia 4500
001 28114
005 20240114001033.0
007 ta
008 060603s 197 g b000 u 465 u
040 _aCotton College,Assam
041 _a465
082 _a310
_bSi 64 G
100 _aSingh, Jagjit .
245 0 _aGreat Ideas of Operations Research /
_cJagjit Singh.
_hTextual Documents
250 _a1st ed. /
260 _aNew York :
_bDover Publications Inc. ,
_cC 1972.
300 _a253p. ;
_c22cm.
653 _aStatistics-Operations Research
653 _aG-Statistics
942 _2ddc
_cBK
999 _c28096
_d28096